| 000 | 00722nam a2200229Ia 4500 | ||
|---|---|---|---|
| 003 | GCL | ||
| 008 | 140319s9999 xx 000 0 ara d | ||
| 040 |
_aGCL / _cGCL |
||
| 082 | 0 | 4 |
_a301.4213 _bس ن |
| 100 | 1 | _aسامية مصطفى الخشاب | |
| 245 | 1 | 0 |
_aالنظرية الاجتماعية ودراسة الاسرة / _cسامية مصطفى الخشاب |
| 260 |
_a[S.N] : _bدار المعارف ، _c1993 |
||
| 300 | _a300 | ||
| 490 |
_aسلسلة علم الاجتماع المعاصر _v0 |
||
| 650 | 0 | 4 | _aالاسرة |
| 650 | 0 | 4 | _aالمرأة |
| 650 | 0 | 4 | _aالزواج |
| 650 | 0 | 4 | _aالعلاقات الاسرية |
| 650 | 0 | 4 | _aالاجتماع |
| 650 | 0 | 4 | _aالامومة |
| 942 |
_2ddc _cBK |
||
| 999 |
_c55013 _d55013 |
||